ბათუმის შოთა რუსთაველის სახელმწიფო უნივერსიტეტის ბიბლიოთეკა

Физическая и коллоидная химия (ბიბ.ჩანაწერი № 49569)

000 -LEADER
fixed length control field 00847nam a2200265Ia 4500
001 - CONTROL NUMBER
control field 16501
003 - CONTROL NUMBER IDENTIFIER
control field GE_BSU
008 - FIXED-LENGTH DATA ELEMENTS--GENERAL INFORMATION
fixed length control field 181216s||||||||xx |||||||||||||| ||und||
020 ## - INTERNATIONAL STANDARD BOOK NUMBER
International Standard Book Number 9785970414415
040 ## - CATALOGING SOURCE
Transcribing agency GE_BSU
080 ## - UNIVERSAL DECIMAL CLASSIFICATION NUMBER
Universal Decimal Classification number 577(075.8)+544
100 ## - MAIN ENTRY--PERSONAL NAME
Personal name Авт:Колл,А,П, Беляева, В,И,Кучук,К,И, Евстратова
245 ## - TITLE STATEMENT
Title Физическая и коллоидная химия
245 ## - TITLE STATEMENT
Remainder of title Учебник
245 ## - TITLE STATEMENT
Statement of responsibility, etc. Под ред: А,П,Беляева
260 ## - PUBLICATION, DISTRIBUTION, ETC.
Place of publication, distribution, etc. Москва
260 ## - PUBLICATION, DISTRIBUTION, ETC.
Name of publisher, distributor, etc. Эотар-Медиа
260 ## - PUBLICATION, DISTRIBUTION, ETC.
Date of publication, distribution, etc. 2010
300 ## - PHYSICAL DESCRIPTION
Extent 704стр,ил,21см
653 ## - INDEX TERM--UNCONTROLLED
Uncontrolled term Физическая и коллоидная химия
653 ## - INDEX TERM--UNCONTROLLED
Uncontrolled term ფიზიკური და კოლოიდური ქიმია
653 ## - INDEX TERM--UNCONTROLLED
Uncontrolled term ქიმია
942 ## - ADDED ENTRY ELEMENTS (KOHA)
Koha item type წიგნი
ეგზემპლარები
Withdrawn status Lost status Damaged status Not for loan Date acquired Barcode Date last seen Price effective from Koha item type
        2018-12-17 41135 2018-12-17 2018-12-17 წიგნი